00394 a2200109 450000100060000008200120000610000780001824501250009626000270022130000130024850000230026191420 aPR 1317 aAmmar Muzaffar; Prof jahangir Khan Kayani and Ali Javed Hashmi (Advisors) aDesign and Analysis of a Gap-Filler Radar for the Detection of Low Flying Helecopters in Mountaineous Terrainn72 "B" EC aRawalpindibNUSTc2012 axii, 68p aBE Project Reports